Química y reactividad química

Salvato in:
Dettagli Bibliografici
Autori principali: Kotz, John C (Autore), Treichel, Paul M (Autore)
Natura: Libro
Lingua:spagnolo
Pubblicazione: Ciudad de México Thomson 2003
Edizione:5a. ed
Soggetti:
Tags: Aggiungi Tag
Nessun Tag, puoi essere il primo ad aggiungerne!!

MARC

LEADER 00000nam a2200000 a 4500
001 UCK8233
003 CL-VaPUC
008 060303e20030000MX |||||||||||||||||spa|d
020 |a 9706863079 
082 0 4 |a 540  |b KOT  |2 21 
100 |a Kotz, John C  |e author  |9 503372 
700 0 |a Treichel, Paul M  |e author  |9 498051 
245 1 0 |a Química y reactividad química 
250 |a 5a. ed 
300 |a 997 p 
942 |c BK 
945 |d 20060303 00:00:00  |a jtorresc 
260 |a Ciudad de México  |b Thomson  |c 2003 
500 |a Incluye un CD-ROM 
650 0 |a Química  |9 259896 
650 7 |a REACTIVIDAD QUIMICA  |2 CL-VaPUC  |9 306946 
583 |a last modification  |c 20060303 00:00:00  |k Rodrigo Vera 
999 |c 315997  |d 315995 
952 |0 0  |1 0  |4 0  |6 540_000000000000000_KOT_2003  |7 0  |8 A  |9 389949  |a BIBCUR  |b BIBCUR  |d 2019-11-22  |i 4206886  |o 540 KOT 2003  |p 4206886  |r 2025-04-22  |w 2019-11-22  |y BK  |k QUI 
952 |0 0  |1 0  |4 0  |6 540_000000000000000_KOT_2003  |7 0  |8 A  |9 389950  |a BIBCUR  |b BIBCUR  |d 2019-11-22  |i 4206894  |l 1  |o 540 KOT 2003  |p 4206894  |r 2025-04-22  |s 2025-04-15  |w 2019-11-22  |y BK  |k QUI 
952 |0 0  |1 0  |4 0  |6 540_000000000000000_KOT_2003  |7 0  |8 A  |9 389951  |a BIBCUR  |b BIBCUR  |d 2019-11-22  |i 4206908  |o 540 KOT 2003  |p 4206908  |r 2025-04-22  |w 2019-11-22  |y BK  |k QUI 
952 |0 0  |1 0  |4 0  |6 540_000000000000000_KOT_2003  |7 0  |8 A  |9 389953  |a BIBCUR  |b BIBCUR  |d 2019-11-22  |i 4206924  |o 540 KOT 2003  |p 4206924  |r 2025-04-22  |w 2019-11-22  |y BK  |k QUI 
952 |0 0  |1 0  |4 0  |6 540_000000000000000_KOT_2003  |7 0  |8 A  |9 389954  |a BIBCUR  |b BIBCUR  |d 2019-11-22  |i 4206932  |o 540 KOT 2003  |p 4206932  |r 2025-04-22  |w 2019-11-22  |y BK  |k QUI 
952 |0 0  |1 0  |4 0  |6 540_000000000000000_KOT_2003  |7 0  |8 A  |9 389955  |a BIBCUR  |b BIBCUR  |d 2019-11-22  |i 4206940  |o 540 KOT 2003  |p 4206940  |r 2025-04-22  |w 2019-11-22  |y BK  |k QUI 
952 |0 0  |1 0  |4 0  |6 540_000000000000000_KOT_2003  |7 0  |8 A  |9 389956  |a BIBCUR  |b BIBCUR  |d 2019-11-22  |i 4206959  |o 540 KOT 2003  |p 4206959  |r 2025-04-22  |w 2019-11-22  |y BK  |k QUI 
952 |0 0  |1 0  |4 0  |6 540_000000000000000_KOT_2003  |7 0  |8 A  |9 389957  |a BIBCUR  |b BIBCUR  |d 2019-11-22  |i 4206967  |o 540 KOT 2003  |p 4206967  |r 2025-04-22  |w 2019-11-22  |y BK  |k QUI 
952 |0 0  |1 0  |4 0  |6 540_000000000000000_KOT_2003  |7 0  |8 A  |9 389958  |a BIBCUR  |b BIBCUR  |d 2019-11-22  |i 4206975  |o 540 KOT 2003  |p 4206975  |r 2025-04-22  |w 2019-11-22  |y BK  |k QUI 
952 |0 0  |1 0  |4 0  |6 540_000000000000000_KOT_2003  |7 0  |8 A  |9 389959  |a BIBCUR  |b BIBCUR  |d 2019-11-22  |i 4206983  |o 540 KOT 2003  |p 4206983  |r 2025-04-22  |w 2019-11-22  |y BK  |k QUI 
952 |0 0  |1 0  |4 0  |6 540_000000000000000_KOT_2003  |7 0  |8 A  |9 389960  |a BIBCUR  |b BIBCUR  |d 2019-11-22  |i 4206991  |o 540 KOT 2003  |p 4206991  |r 2025-04-22  |w 2019-11-22  |y BK  |k QUI 
952 |0 0  |1 0  |4 0  |6 540_000000000000000_KOT_2003  |7 0  |8 A  |9 389961  |a BIBCUR  |b BIBCUR  |d 2019-11-22  |i 4207009  |o 540 KOT 2003  |p 4207009  |r 2025-04-22  |w 2019-11-22  |y BK  |k QUI 
952 |0 0  |1 0  |4 0  |6 540_000000000000000_KOT_2003  |7 0  |8 A  |9 389962  |a BIBCUR  |b BIBCUR  |d 2019-11-22  |i 4207017  |o 540 KOT 2003  |p 4207017  |r 2025-04-22  |w 2019-11-22  |y BK  |k QUI 
952 |0 0  |1 0  |4 0  |6 540_000000000000000_KOT_2003  |7 0  |8 A  |9 389963  |a BIBCUR  |b BIBCUR  |d 2019-11-22  |i 4207025  |o 540 KOT 2003  |p 4207025  |r 2025-04-22  |w 2019-11-22  |y BK  |k QUI 
952 |0 0  |1 0  |4 0  |6 540_000000000000000_KOT_2003  |7 0  |8 A  |9 389964  |a BIBCUR  |b BIBCUR  |d 2019-11-22  |i 4207033  |o 540 KOT 2003  |p 4207033  |r 2025-04-22  |w 2019-11-22  |y BK  |k QUI 
952 |0 0  |1 0  |4 0  |6 540_000000000000000_KOT_2003  |7 0  |8 A  |9 389965  |a BIBCUR  |b BIBCUR  |d 2019-11-22  |i 4207041  |o 540 KOT 2003  |p 4207041  |r 2025-04-22  |w 2019-11-22  |y BK  |k QUI 
952 |0 0  |1 0  |4 0  |6 540_000000000000000_KOT_2003  |7 0  |8 A  |9 389966  |a BIBCUR  |b BIBCUR  |d 2019-11-22  |i 420705K  |o 540 KOT 2003  |p 420705K  |r 2025-04-22  |w 2019-11-22  |y BK  |k QUI 
952 |0 0  |1 0  |4 0  |6 540_000000000000000_KOT_2003  |7 0  |8 A  |9 389967  |a BIBCUR  |b BIBCUR  |d 2019-11-22  |i 4207068  |o 540 KOT 2003  |p 4207068  |r 2025-04-22  |w 2019-11-22  |y BK  |k QUI 
952 |0 0  |1 0  |4 0  |6 540_000000000000000_KOT_2003  |7 0  |8 A  |9 389968  |a BIBCUR  |b BIBCUR  |d 2019-11-22  |i 4207076  |o 540 KOT 2003  |p 4207076  |r 2025-04-22  |w 2019-11-22  |y BK  |k QUI 
952 |0 0  |1 0  |4 0  |6 540_000000000000000_KOT_2003  |7 0  |8 A  |9 389969  |a BIBCUR  |b BIBCUR  |d 2019-11-22  |i 4207084  |o 540 KOT 2003  |p 4207084  |r 2025-04-22  |w 2019-11-22  |y BK  |k QUI 
952 |0 0  |1 0  |4 0  |6 540_000000000000000_KOT_2003  |7 0  |8 A  |9 389970  |a BIBCUR  |b BIBCUR  |d 2019-11-22  |i 4207092  |o 540 KOT 2003  |p 4207092  |r 2025-04-22  |w 2019-11-22  |y BK  |k QUI 
952 |0 0  |1 0  |4 0  |6 540_000000000000000_KOT_2003  |7 0  |8 A  |9 389971  |a BIBCUR  |b BIBCUR  |d 2019-11-22  |i 4207106  |o 540 KOT 2003  |p 4207106  |r 2025-04-22  |w 2019-11-22  |y BK  |k QUI 
952 |0 0  |1 0  |4 0  |6 540_000000000000000_KOT_2003  |7 0  |8 A  |9 389972  |a BIBCUR  |b BIBCUR  |d 2019-11-22  |i 4207114  |o 540 KOT 2003  |p 4207114  |r 2025-04-22  |w 2019-11-22  |y BK  |k QUI 
952 |0 0  |1 0  |4 0  |6 540_000000000000000_KOT_2003  |7 0  |8 A  |9 389973  |a BIBCUR  |b BIBCUR  |d 2019-11-22  |i 4207122  |l 2  |o 540 KOT 2003  |p 4207122  |r 2025-04-22  |s 2024-05-10  |w 2019-11-22  |y BK  |k QUI